000 00330nam a2200121Ia 4500
008 190802s9999 xx 000 0 und d
020 _a978-81-203-5292-6
100 _aJohn V.Guttag
245 0 _aIntroduction to Computation and Programming Using Python
260 _aNew Delhi
_bSpringer
_c2017
300 _a447:P
942 _cBK
999 _c2341
_d2341